Electrochemical methods : Fundamentals and Applications /
Na minha lista:
| Autor principal: | |
|---|---|
| Outros Autores: | , |
| Formato: | Livro |
| Idioma: | inglês |
| Publicado em: |
NJ, USA
John Willey & Sons
2022
|
| Assuntos: | |
| Tags: |
Sem tags, seja o primeiro a adicionar uma tag!
|
MARC
| LEADER | 00000nam a22000003a 4500 | ||
|---|---|---|---|
| 001 | 0106330 | ||
| 003 | SK-STU | ||
| 005 | 20231115135640.4 | ||
| 007 | ta | ||
| 008 | 231115s ----xo-----e------000-0-----d | ||
| 020 | |a 9781119334064 | ||
| 040 | |a STU |b slo | ||
| 041 | 0 | |a eng | |
| 044 | |a xxu | ||
| 100 | 1 | |a Bard, Allen J. | |
| 245 | 1 | 0 | |a Electrochemical methods : |b Fundamentals and Applications / |c Allen J Bard, Larry R Faulkner, Henry S. White |
| 260 | |a NJ, USA |b John Willey & Sons |c 2022 | ||
| 300 | |a 1044s. | ||
| 650 | 0 | 7 | |a elektrochémia |
| 650 | 0 | 7 | |a fyzika |
| 650 | 0 | 7 | |a analytická chémia |
| 650 | 0 | 7 | |a matematika |
| 700 | 1 | |a Faulkner, Larry R. | |
| 700 | 1 | |a Henry S. White | |
| 996 | |b 284M089445 |c M* 14797-1 |l MMKN |s A |a 24 |w 0106330_0001 | ||